[Event "FRA-ch U14"]
[Site "Gonfreville"]
[Date "2016.04.11"]
[Round "2.10"]
[White "Ruble, Louis"]
[Black "Lux, Hugo de Melo"]
[Result "1-0"]
[WhiteElo "1795"]
[BlackElo "2187"]
[PlyCount "81"]
[EventDate "2016.04.22"]
[EventType "swiss"]
[EventRounds "9"]
[EventCountry "FRA"]
[SourceTitle "EXT 2019"]
[Source "ChessBase"]
[SourceDate "2018.10.10"]
[SourceVersion "1"]
[SourceVersionDate "2018.10.10"]
[SourceQuality "1"]

1. e4 c5 2. Nc3 e6 3. g3 Nc6 4. Bg2 g6 5. Nh3 Bg7 6. d3 Nge7 7. Be3 d6 8. 0-0 a6 9. Qd2 h5 10. Rae1 Qb6 11. Nd1 Bd7 12. c3 Ne5 13. f4 Ng4 14. Ng5 Qc7 15. h3 Nxe3 16. Nxe3 h4 17. g4 Bh6 18. Qf2 f6 19. Nxe6 Bxe6 20. g5 fxg5 21. f5 Rf8 22. Qe2 Bg8 23. f6 Nc6 24. Nd5 Qf7 25. Nb6 Rd8 26. e5 Nxe5 27. d4 Qc7 28. Nd5 Bxd5 29. Bxd5 Rd7 30. Be6 Kd8 31. Bxd7 Nxd7 32. Qe7+ Kc8 33. Qh7 d5 34. Re3 cxd4 35. cxd4 Nxf6 36. Qxh6 Re8 37. Rc3 Qxc3 38. bxc3 Ne4 39. Qxg6 Re7 40. Qg8+ Kd7 41. Qxd5+ 1-0

[Event "FRA-chT U20 16 GP Basse 1213"]
[Site "France"]
[Date "2013.05.19"]
[Round "9"]
[White "Ruble, Louis"]
[Black "Perisse, Matteo"]
[Result "1-0"]
[WhiteElo "1370"]
[BlackElo "1190"]
[PlyCount "85"]
[EventDate "2012.12.01"]
[EventType "team"]
[EventRounds "11"]
[EventCountry "FRA"]
[SourceTitle "EXT 2014"]
[Source "ChessBase"]
[SourceDate "2013.11.20"]
[SourceVersion "1"]
[SourceVersionDate "2013.11.20"]
[SourceQuality "1"]
[WhiteTeam "Saint Mande U20"]
[BlackTeam "Vandoeuvre U20"]
[WhiteTeamCountry "FRA"]
[BlackTeamCountry "FRA"]

1. d4 d6 2. Nf3 Nf6 3. e3 g6 4. Bd3 Bg7 5. Nbd2 0-0 6. 0-0 Bg4 7. h3 Bxf3 8. Nxf3 Nbd7 9. e4 e5 10. c3 Re8 11. Re1 Re7 12. Bg5 h6 13. Bxf6 Nxf6 14. d5 Nd7 15. b4 a5 16. Bb5 Nf6 17. c4 axb4 18. Rc1 Rxa2 19. Qb3 Ra8 20. Qxb4 b6 21. Bc6 Ra5 22. Ra1 Qb8 23. Rxa5 Qc8 24. Ra8 Qxa8 25. Bxa8 Re8 26. Bc6 Re7 27. Nd2 h5 28. f3 Bh6 29. Nf1 h4 30. Qb2 Bf4 31. Qf2 g5 32. g3 hxg3 33. Nxg3 Kg7 34. Nf5+ Kf8 35. Ra1 Re8 36. Bxe8 Nxe8 37. h4 Kg8 38. hxg5 Bxg5 39. Qg3 f6 40. Ra8 Kf7 41. Qh3 Ng7 42. Rf8+ Kg6 43. Ne7# 1-0

[Event "FRA-chT U20 GpB 1213"]
[Site "France"]
[Date "2013.01.06"]
[Round "7"]
[White "Ruble, Louis"]
[Black "Ariza, Thomas"]
[Result "0-1"]
[WhiteElo "1370"]
[BlackElo "1740"]
[PlyCount "72"]
[EventDate "2012.12.01"]
[EventType "team"]
[EventRounds "7"]
[EventCountry "FRA"]
[SourceTitle "EXT 2014"]
[Source "ChessBase"]
[SourceDate "2013.11.20"]
[SourceVersion "1"]
[SourceVersionDate "2013.11.20"]
[SourceQuality "1"]
[WhiteTeam "Saint Mande U20"]
[BlackTeam "Bois Colombes (U20)"]
[WhiteTeamCountry "FRA"]
[BlackTeamCountry "FRA"]

1. d4 Nf6 2. c4 c5 3. d5 d6 4. Nc3 g6 5. Nf3 Bg7 6. e4 Nbd7 7. Bd3 0-0 8. 0-0 a6 9. Nd2 Ne8 10. f4 b5 11. cxb5 Qb6 12. Nc4 Qc7 13. Qb3 Rb8 14. a4 axb5 15. Nxb5 Qb7 16. Na5 Qb6 17. Nc4 Qa6 18. Be3 Ndf6 19. Qc2 Ng4 20. Bd2 Bd7 21. h3 Ngf6 22. Kh2 e6 23. Ne3 exd5 24. exd5 Qb7 25. Bc4 Bxb5 26. Bxb5 Nxd5 27. Nc4 Qe7 28. Rab1 Nec7 29. Rfe1 Qh4 30. Nxd6 Nxf4 31. Re4 Nce6 32. Be1 Qg5 33. Bg3 Rbd8 34. Nc4 Rd4 35. Nd2 Qd5 36. Rxd4 Qxg2# 0-1

[Event "FRA-chT U20 1112"]
[Site "France"]
[Date "2011.12.18"]
[Round "6"]
[White "Ruble, Louis"]
[Black "Gillard, Martin"]
[Result "1-0"]
[WhiteElo "1317"]
[BlackElo "1230"]
[PlyCount "67"]
[EventDate "2011.12.03"]
[EventType "team-swiss"]
[EventRounds "7"]
[EventCountry "FRA"]
[SourceTitle "EXT 2013"]
[Source "ChessBase"]
[SourceDate "2012.11.22"]
[SourceVersion "1"]
[SourceVersionDate "2012.11.22"]
[SourceQuality "1"]

1. d4 d5 2. Nf3 Nc6 3. e3 Nf6 4. Bb5 Bd7 5. Nbd2 e6 6. b3 Bd6 7. Bb2 a6 8. Bd3 Qe7 9. a3 b5 10. c4 bxc4 11. bxc4 0-0 12. c5 Rab8 13. cxd6 Qxd6 14. Qc2 a5 15. 0-0 Ne7 16. a4 Qb6 17. Ba3 Be8 18. Bxe7 Qa7 19. Bxf8 Kxf8 20. Ne5 Kg8 21. Rab1 Rd8 22. Bb5 Bxb5 23. Rxb5 Qa8 24. Nc6 Rf8 25. Rfb1 g6 26. Qc5 Kg7 27. Rb8 Rxb8 28. Rxb8 Qxb8 29. Nxb8 Kh6 30. Qf8+ Kg5 31. f4+ Kf5 32. h3 h5 33. Qxf7 c5 34. Nd7 1-0

[Event "FRA-chT U20 1112"]
[Site "France"]
[Date "2011.12.17"]
[Round "4"]
[White "Lagarde, Dimitri"]
[Black "Ruble, Louis"]
[Result "1-0"]
[WhiteElo "1828"]
[BlackElo "1317"]
[PlyCount "63"]
[EventDate "2011.12.03"]
[EventType "team-swiss"]
[EventRounds "7"]
[EventCountry "FRA"]
[SourceTitle "EXT 2013"]
[Source "ChessBase"]
[SourceDate "2012.11.22"]
[SourceVersion "1"]
[SourceVersionDate "2012.11.22"]
[SourceQuality "1"]

1. e4 c5 2. Nf3 d6 3. d4 cxd4 4. Nxd4 Nf6 5. Nc3 Bd7 6. f3 Nc6 7. Be3 g6 8. Qd2 h6 9. 0-0-0 g5 10. g4 a6 11. h4 Nxd4 12. Bxd4 e5 13. Bf2 Rg8 14. hxg5 hxg5 15. Be3 Be7 16. Bxg5 Nxe4 17. Nxe4 Bxg5 18. Nxg5 Qxg5 19. Qxg5 Rxg5 20. Rh8+ Ke7 21. Rxa8 Bc6 22. Be2 d5 23. Rh8 d4 24. Rh5 f6 25. Rxg5 fxg5 26. c3 dxc3 27. bxc3 b5 28. Kd2 Ke6 29. Ke3 Bd5 30. a3 Kd6 31. c4 bxc4 32. Bxc4 1-0

[Event "FRA-chT U20 1112"]
[Site "France"]
[Date "2011.12.03"]
[Round "1"]
[White "Ruble, Louis"]
[Black "Bellahcene, Meriem"]
[Result "0-1"]
[WhiteElo "1317"]
[BlackElo "1467"]
[PlyCount "110"]
[EventDate "2011.12.03"]
[EventType "team-swiss"]
[EventRounds "7"]
[EventCountry "FRA"]
[SourceTitle "EXT 2013"]
[Source "ChessBase"]
[SourceDate "2012.11.22"]
[SourceVersion "1"]
[SourceVersionDate "2012.11.22"]
[SourceQuality "1"]

1. d4 d5 2. Nf3 Nf6 3. e3 e6 4. Bd3 c5 5. c3 c4 6. Bc2 Nc6 7. Nbd2 Bd6 8. b3 b5 9. b4 0-0 10. a4 Rb8 11. axb5 Rxb5 12. Ba4 Rb6 13. Bxc6 Rxc6 14. Rxa7 Bb8 15. Ra2 Re8 16. Qa4 Ra6 17. Qc2 Rb6 18. 0-0 Qd6 19. Ne5 Nd7 20. f4 Nf6 21. Rf3 Bb7 22. Ra5 Ra6 23. Qa4 Bc7 24. Ba3 Bxa5 25. b5 Bxc3 26. bxa6 Qxa6 27. Qxa6 Bxa6 28. Nb1 Ba5 29. Nc6 Bb6 30. Kf2 Ne4+ 31. Kg1 c3 32. Bc1 Bd3 33. Na3 Nd2 34. Nb4 Nxf3+ 35. gxf3 Bg6 36. Nb5 Ra8 37. Nxc3 Ba5 38. Ba3 Bc7 39. Ncxd5 exd5 40. Nxd5 Rxa3 41. Nxc7 Rxe3 42. Kf2 Rd3 43. d5 Kf8 44. Kg3 Ke7 45. Kg4 h5+ 46. Kg5 Kd6 47. Ne8+ Kxd5 48. f5 Bh7 49. f4 f6+ 50. Kxh5 Bxf5 51. h4 g6+ 52. Kh6 Ke6 53. Nc7+ Kf7 54. h5 Rh3 55. Ne8 Rxh5# 0-1

[Event "FRA-chT U20 16 GP Haute 1011"]
[Site "France"]
[Date "2011.06.12"]
[Round "8"]
[White "Ek, Bora"]
[Black "Ruble, Louis"]
[Result "1/2-1/2"]
[WhiteElo "1630"]
[BlackElo "1420"]
[PlyCount "95"]
[EventDate "2010.06.20"]
[EventType "team-tourn"]
[EventRounds "11"]
[EventCountry "FRA"]
[SourceTitle "EXT 2015"]
[Source "ChessBase"]
[SourceDate "2014.11.20"]
[SourceVersion "1"]
[SourceVersionDate "2014.11.20"]
[SourceQuality "1"]
[WhiteTeam "Villepinte (U20)"]
[BlackTeam "Saint Mande U20"]
[WhiteTeamCountry "FRA"]
[BlackTeamCountry "FRA"]

1. e4 c5 2. Nf3 d6 3. d4 cxd4 4. Nxd4 Nf6 5. Nc3 Nbd7 6. Bc4 e6 7. 0-0 Be7 8. h3 a6 9. Be3 b5 10. Bb3 Bb7 11. Qd2 0-0 12. a3 Ne5 13. f3 Rc8 14. Bf2 Ng6 15. Nde2 Qc7 16. Rac1 h6 17. Rb1 Qa5 18. Rfd1 Rfd8 19. Qd4 Rc5 20. Qb4 Qxb4 21. axb4 Rc6 22. Nd4 Rcc8 23. Nde2 Ne5 24. Rbc1 Rc6 25. Kf1 Nc4 26. Bxc4 Rxc4 27. Rd4 Rdc8 28. Rxc4 Rxc4 29. Na2 d5 30. b3 Rc8 31. e5 Nd7 32. f4 f6 33. Nd4 fxe5 34. fxe5 Nxe5 35. Nxe6 Kf7 36. Nc5 Bxc5 37. Bxc5 Rc6 38. Ke2 Kf6 39. Rf1+ Kg6 40. Nc3 a5 41. Nxd5 Kh7 42. Kd2 axb4 43. Bxb4 Rg6 44. Nf4 Rf6 45. Bc3 Rd6+ 46. Ke2 Nc6 47. Rd1 Rxd1 48. Kxd1 1/2-1/2

[Event "FRA-chT U20 16 GP Haute 1011"]
[Site "France"]
[Date "2011.06.12"]
[Round "10"]
[White "Ruble, Louis"]
[Black "Ragot Gaufreteau, Maelyss"]
[Result "0-1"]
[WhiteElo "1420"]
[BlackElo "1308"]
[PlyCount "57"]
[EventDate "2010.06.20"]
[EventType "team-tourn"]
[EventRounds "11"]
[EventCountry "FRA"]
[SourceTitle "EXT 2015"]
[Source "ChessBase"]
[SourceDate "2014.11.20"]
[SourceVersion "1"]
[SourceVersionDate "2014.11.20"]
[SourceQuality "1"]
[WhiteTeam "Saint Mande U20"]
[BlackTeam "Sautron (U20)"]
[WhiteTeamCountry "FRA"]
[BlackTeamCountry "FRA"]

1. d4 d5 2. Nf3 Nf6 3. Bf4 g6 4. Nbd2 Bg7 5. e3 0-0 6. Bd3 c5 7. c3 Nbd7 8. 0-0 b6 9. Rc1 Bb7 10. c4 Qc8 11. Ne5 Nxe5 12. dxe5 Nd7 13. Nf3 dxc4 14. Bxc4 Bxf3 15. Qxf3 Nxe5 16. Bxe5 Bxe5 17. Bd5 Rb8 18. b4 Qc7 19. h3 Qd6 20. Rfd1 Qc7 21. Rc4 e6 22. Bc6 cxb4 23. Rd7 Qc8 24. Bb5 Qe8 25. Rd5 Qe7 26. Rxe5 Rfd8 27. Rce4 Rd6 28. Rxb4 Rbd8 29. Rd4 0-1

[Event "FRA-chTA U20 1011"]
[Site "France"]
[Date "2010.12.19"]
[Round "7.10"]
[White "Barbe Asensio, Cyrielle"]
[Black "Ruble, Louis"]
[Result "1-0"]
[WhiteElo "1390"]
[BlackElo "1009"]
[PlyCount "65"]
[EventDate "2010.11.21"]
[EventType "team-tourn"]
[EventRounds "7"]
[EventCountry "FRA"]
[SourceTitle "EXT 2012"]
[Source "ChessBase"]
[SourceDate "2011.11.24"]
[SourceVersion "1"]
[SourceVersionDate "2011.11.24"]
[SourceQuality "1"]
[WhiteTeam "Montpellier"]
[BlackTeam "Saint Mande"]
[WhiteTeamCountry "FRA"]
[BlackTeamCountry "FRA"]

1. b3 d5 2. Bb2 Bf5 3. e3 Nc6 4. Nf3 e6 5. Bb5 a6 6. Bxc6+ bxc6 7. d3 Nf6 8. 0-0 Qd6 9. Ne5 Qd8 10. Nxc6 Qd7 11. Ne5 Bd6 12. Nxd7 Nxd7 13. Re1 Nf6 14. f3 Bb4 15. Nd2 Be7 16. e4 dxe4 17. dxe4 Bg6 18. Qe2 Rd8 19. Nc4 Bb4 20. c3 Bc5+ 21. Kh1 0-0 22. b4 Be7 23. Rad1 Rxd1 24. Rxd1 Bh5 25. Qe1 Rd8 26. Rxd8+ Bxd8 27. Qd2 Be7 28. Na5 Ne8 29. c4 Nd6 30. Qd4 Bf6 31. Qd2 c6 32. Bxf6 gxf6 33. Qxd6 1-0